| 000 | 00978nam a2200241Ia 4500 | ||
|---|---|---|---|
| 999 |
_c34749 _d34749 |
||
| 001 | 547 | ||
| 003 | GE_BSU | ||
| 005 | 20260421112447.0 | ||
| 008 | 181216s2006||||ge |||||||||||||| ||geo|| | ||
| 020 | _a9994056085 | ||
| 040 | _cGE_BSU | ||
| 041 | _ageo | ||
| 080 | _a005.6(075.8) ზ–44 | ||
| 100 |
_aზედგინიძე, ი. _96240 |
||
| 245 |
_aხარისხის საყოველთაო მართვა : _bდამხმარე სახელმძღვანელო / _cი. ზედგინიძე. |
||
| 264 |
_aთბილისი : _bტექნიკური უნ–ტი, _c2006. |
||
| 300 |
_a72 გვ.; _b20 სმ. |
||
| 504 | _aბიბლიოგრ. გვ. 72 | ||
| 541 | _h5ლ. | ||
| 653 | _aხარისხის საყოველთაო მართვა | ||
| 856 |
_uhttps://gtu.ge/book/5.zedginidze-xarisxis%20sayovelTao%20marTva_qarTuli.pdf _yელ. ვერსია |
||
| 942 |
_cBK _2udc |
||